| 000 | 00368cam a2200145ua 4500 | ||
|---|---|---|---|
| 041 |
_aeng _h |
||
| 082 |
_a924.2 _bBOS/BO |
||
| 100 | _aBoswell, . | ||
| 245 |
_aBoswell`s life of Johnson, Vol 2 / _cBoswell. _hTextual Documents |
||
| 260 |
_aLondon : _bOxford at the Clarendon Press , _c1957. |
||
| 300 | _a543 ; . | ||
| 504 | _a | ||
| 942 | _cBK | ||
| 999 |
_c6004 _d6004 |
||